000 00317nam a22001337a 4500
008 171025b xxu||||| |||| 00| 0 eng d
020 _a9780073346915
041 _aeng
080 _a336.2
100 _a55
101 _aSTA
245 _aESSENTIALS STATISTICS IN BUSINESS & ECONOMICS
_cDOANE, D.P
942 _2udc
_cBK
999 _c35862
_d35862